000 00454nam a2200169Ia 4500
008 240729s9999 xx 000 0 und d
022 _a2940-2735
245 0 _aInternational Journal of Advanced Business Studies
260 _aGermany
260 _bBESRA AcadEx UG
650 _a Business
650 _a Commerce
650 _aSocial Sciences
856 _uhttps://doaj.org/toc/c147c00281354128868cb54826db04d7
942 _2ddc
942 _cDOAJEJ
999 _c72402
_d72402
945 _a1
_bMadushi Gamage
_c1
_dMadushi Gamage